000 00442nam a2200181Ia 4500
001 3104
005 20260306144856.0
008 260306t2009||||xx |||||||||||||| ||spa||
041 _aESP
082 _a251.68
_bC235
100 _aCencini, Amedeo
_eAUT
245 0 _aLa vida fraterna:
_bcomunión de santos y pecadores
260 _c2009
300 _a222 páginas :
_c21 cm.
650 _aGEN
654 _aCHU
942 _cLIB
_dJUS
_fJUS
_2ddc
_n
999 _c3104
_d3104